000 01363nam a2200397 c 4500
001 19211
003 ES-MaCES
005 20150929135500.0
008 060811s2006 sp d t 000 | spa d
017 _aM 7956-2006
_bDL
020 _a8488723628
035 _aCES20060010797m
040 _aES-MaCES
_bspa
_cES-MaCES
100 1 _aVillanueva Río, Ángel
_925919
245 1 0 _aTendencias hacia la sostenibilidad en España
_cestudio realizado con la col. del Área de Investigación y Estudios de la Fundación EOI, y por Ángel Villanueva Río
260 _a[Madrid]
_bFundación EOI
_c[2006]
300 _a182 p.
_bgráf. col.
_c24 cm
490 1 _aColección EOI medio ambiente
500 _aEn la cub.: Sostenibilidad
504 _aBibliografía: p. 177-182
541 _cCompra
650 4 _adesarrollo sostenible
_930785
650 4 _aprotección ambiental
_929423
650 4 _aindicador económico
_927073
650 4 _aEspaña
_926964
650 4 _aComunidades Autónomas
_930768
650 4 _atendencia
_928907
653 1 0 _aMedio ambiente
650 4 _929234
_adesarrollo económico y social
650 4 _926752
_aUE
710 2 _aEscuela de Organización Industrial
_92702
830 0 _aColección EOI medio ambiente
_934228
902 _aLIB Libro
942 _2CES
_cBK
_h4.2.
999 _c19211
_d19211